00924cam a22002411 4500001001300000003000400013005001700017008004100034010001700075035002000092040001900112042001200131050002700143051001700170100002000187245004400207260007100251300003000322501020000352650002100552700004200573830006700615e 50000037 DLC20260227111234.0830613s1950 dcua 000 0 eng  ae 50000037  a(OCoLC)16764303 aDLCcOrPSdDLC apremarc00aL111b.A6 1950, no. 16 aLC5215b.K371 aKempfer, Homer.10aSelected approaches to adult education, a[Washington]bFederal Security Agency, Office of Educationc[1950] aiv, 48 p.billus.c23 cm. aCopies 1 and 2 of L111.A6 with: State boards of education and chief state school officers / Ward W. Keesecker. Washington : Govt. Print. Off., 1950. Bound together subsequent to publication.5DLC 0aAdult education.1 aWright, Grace Stevens.ejoint author. 0aBulletin (United States. Office of Education) ;v1950, no. 16.